Nota Kursus Pengurusan Kewangan : Modiul 1 - Sistem Belanjawan Diubahsuai MBS (5 - 6 April 1993). Modiul 2 :

Bibliographic Details
Format: Book
Subjects:
Online Access:http://app.inspen.gov.my:7779/pls/portal/docs/PAGE/CORPORATEPAGES/PORTAL_INSPEN/NOTA_KURSUS/MANAGEMENT/PN.PDF

MARC

LEADER 00000cam a2200000 7i4500
001 0000006058
005 20071213.0
040 |a INS 
090 0 0 |a M23 
245 0 0 |a Nota Kursus Pengurusan Kewangan :   |b Modiul 1 - Sistem Belanjawan Diubahsuai MBS (5 - 6 April 1993). Modiul 2 :   |b Pentadbiran Kewangan Pejabat (7 - 9 April 1993) 
500 |a Digital document is available on-line; Please click the URL below 
650 0 0 |a Pengurusan 
856 |u http://app.inspen.gov.my:7779/pls/portal/docs/PAGE/CORPORATEPAGES/PORTAL_INSPEN/NOTA_KURSUS/MANAGEMENT/PN.PDF 
999 |a M000000035   |b BOOK   |c Course Notes   |e Default branch 
999 |a M000000941   |b BOOK   |c Course Notes   |e Default branch 
999 |a M000001037   |b BOOK   |c Course Notes   |e Default branch